<?xml version="1.0" encoding="UTF-8"?>
<collection xmlns="http://www.loc.gov/MARC21/slim">
  <record>
    <leader>00000nam  2200000   4500</leader>
    <controlfield tag="001">INLIS000000000017122</controlfield>
    <controlfield tag="005">20240604025443</controlfield>
    <datafield tag="035" ind1="#" ind2="#">
      <subfield code="a">0010-0624000025</subfield>
    </datafield>
    <controlfield tag="007">ta</controlfield>
    <controlfield tag="008">240604################|##########|#|##</controlfield>
    <datafield tag="084" ind1="#" ind2="#">
      <subfield code="a">R 022 PIM I 2023</subfield>
    </datafield>
    <datafield tag="100" ind1=" " ind2="#">
      <subfield code="a">I Gede Made Wirabrata</subfield>
    </datafield>
    <datafield tag="245" ind1="1" ind2="#">
      <subfield code="a">Penguatan Sistem Ketahanan Kesehatan Nasional Berbasis KOLI-LAB (Kolaborasi Terintegrasi Laboratorium Bertaraf Internasional) /</subfield>
      <subfield code="c">I Gede Made Wirabrata</subfield>
    </datafield>
    <datafield tag="260" ind1="#" ind2="#">
      <subfield code="a">Jakarta :</subfield>
      <subfield code="b">Pusbangkom Pimnas dan Manajerial ASN,</subfield>
      <subfield code="c">2023</subfield>
    </datafield>
    <datafield tag="300" ind1="#" ind2="#">
      <subfield code="a">200 halaman ;</subfield>
      <subfield code="c">30 cm</subfield>
    </datafield>
    <datafield tag="650" ind1="#" ind2="4">
      <subfield code="a">Sistem Ketahanan Kesehatan</subfield>
    </datafield>
    <datafield tag="520" ind1="#" ind2="#">
      <subfield code="a">KOLI-LAB berfokus pada sumber daya laboratorium (Command Center), peningkatan standarisasi laboratorium bertaraf internasional, dan pengujian mutu laboratorium bertaraf internasional. Analysis stakeholders menunjukkan, bahwa seluruh stakeholders latens berpindah ke kuadran promoters mendukung proyek perubahan. Pada agenda pemberdayaan organisasi pembelajaran, mencakup strategi dan implementasi pengembangan potensi diri berdasarkan diri penilaian sikap perilaku, komponen integritasm komponen kerja sama, dan komponen mengelola perubahan.</subfield>
    </datafield>
    <datafield tag="856" ind1="#" ind2="#">
      <subfield code="a">Perpustakaan LAN Pusat</subfield>
    </datafield>
    <datafield tag="990" ind1="#" ind2="#">
      <subfield code="a">24.06.022</subfield>
    </datafield>
  </record>
</collection>
